000 01331nam a2200313 a 4500
001 000009918
003 DO-SdBNP
005 20240412074213.0
007 ta
008 091002t1980 dr 000 p spa d
040 _aDO-SdBNP
_bspa
_cBNPHU
082 _aRD861.42
_bD542p
100 1 _aVirgilio Díaz Ordóñez,
_d1895-1968
_984972
245 1 0 _aPoesías completas /
_cVirgilio Díaz Ordoñez (Ligio Vizardi).
264 _aSan Pedro de Macorís, República Dominicana :
_bUCE,
_c1980.
300 _a288 páginas ;
_c23 cm.
336 _2rdacontent
_atexto
_btxt
337 _2rdamedia
_asin mediación
_bn
338 _2rdacarrier
_avolumen
_bnc
490 _aLiteraria
_v2
505 0 _aAlgo más sobre la poesía de Virgilio Díaz Ordoñez /
_rCarlos Federico Pérez --
_tLos nocturnos del olvido (1925) --
_tLa sombra iluminada (1929) --
_tFiguras de barro (1930) --
_tPoemario (1947) --
_tClaro de luna (1947) --
_tRubaiyat de Omar Khayyam (1952)
_tSonetos (1971) --
_tOtros poemas.
590 _aInventariado, 2018/VM
650 0 _aPoesía dominicana
_966
650 0 _aLiteratura dominicana.
_967
700 1 _aPérez, Carlos Federico,
_d1912-1984
_924849
710 2 _aUniversidad Central del Este (San Pedro de Macorís, República Dominicana)
_924850
910 _aValidado. Control de calidad EMS.
942 _2ddc
_cLBS1
999 _c9677
_d9677